000 00689nam a2200229 i 4500
001 bg
100 1 _aLIMAŃSKI, Andrzej
245 1 0 _aIntegracja ekonomiczna Polski z Unią Europejską /
_cAndrzej Limański, Mieczysław Syrek.
260 _aWarszawa :
_b"Difin",
_c2001.
300 _a246 s. :
_bil. ;
_c24 cm.
610 2 9 _aUnia Europejska
_xa Polska
_xgospodarka
651 9 _aPolska
_xa Unia Europejska
_xgospodarka
655 _aPodręczniki akademickie
700 1 _aSYREK, Mieczysław
020 _a8372512000
040 _cBPK
041 0 _apol
080 _a339.92(438:4-67)(075.8)
920 _a83-7251-200-0
942 _cKS
008 s pl f |000 0 pol
999 _c52402
_d52402
856 _uhttp://koha.tu.koszalin.pl/cgi-bin/koha/opac-detail.pl?biblionumber=52402
_yKatalog online BPK